000 00589nam a22001217a 4500
999 _c2805
_d2805
008 180730b ||||| |||| 00| 0 eng d
100 _aGanz, Cheryl
245 _aDelivering hope, FDR & stamps of the Great Depression
260 _aWashington, D.C.
_bSmithsonian National Postal Museum
_c2009
650 _aRoosevelt, Franklin D. (Franklin Delano), 1882-1945 | Farley, James Aloysius | Exhibitions | United States -- 1933-1941 | Commemorative Issues | Souvenir Sheets | Definitive Issues | Farley Issues | Designs | Essays and Proofs | MLC
700 _aPiazza, Daniel
700 _aSheahan, M.